Ứng dụng ảnh viễn thám xác định sự phân bố các hệ thống dê bao ở Đồng bằng Sông Cửu Long : Ngành quản lý đất đai
Đề tài này đã được thực hiện với mục tiêu: (i) Đánh giá khả năng sử dụng ảnh viễn thám Modis xác định biến động hệ đê bao ngăn lũ vùng ĐBSCL.
Shranjeno v:
| Glavni avtor: | |
|---|---|
| Format: | Knjiga |
| Jezik: | Undetermined |
| Izdano: |
Cần Thơ
Đại học Cần Thơ
2013
|
| Teme: | |
| Oznake: |
Označite
Brez oznak, prvi označite!
|
| Thư viện lưu trữ: | Trung tâm Học liệu Trường Đại học Cần Thơ |
|---|
| LEADER | 00926nam a2200193Ia 4500 | ||
|---|---|---|---|
| 001 | CTU_183803 | ||
| 008 | 210402s9999 xx 000 0 und d | ||
| 082 | |a 333.73 | ||
| 082 | |b Đ110 | ||
| 100 | |a Cao, Quốc Đạt | ||
| 245 | 0 | |a Ứng dụng ảnh viễn thám xác định sự phân bố các hệ thống dê bao ở Đồng bằng Sông Cửu Long : | |
| 245 | 0 | |b Ngành quản lý đất đai | |
| 260 | |a Cần Thơ | ||
| 260 | |b Đại học Cần Thơ | ||
| 260 | |c 2013 | ||
| 520 | |a Đề tài này đã được thực hiện với mục tiêu: (i) Đánh giá khả năng sử dụng ảnh viễn thám Modis xác định biến động hệ đê bao ngăn lũ vùng ĐBSCL. | ||
| 650 | |a Quản lý đất đai,Soil resource management | ||
| 904 | |i Tôn, Trúc Quân | ||
| 980 | |a Trung tâm Học liệu Trường Đại học Cần Thơ | ||